000 00492cam a2200193ua 4500
020 _cRs 1.50
041 _aeng
_h
082 _a320.58
_bPRA/TR
100 _aPrabhu, R K .
245 0 0 _aTruth called them differently /
_cR K Prabhu.
_hTextual Documents
260 _aAhmadabad :
_bNavajivan publishing house ,
_c1961.
300 _a140 ; .
365 _aRs 1.50
504 _a
650 _aGandhiana
700 1 _aRavindra, Kelekar .
942 _cBK
999 _c1070
_d1070